| 000 | 00382nam a22001337a 4500 | ||
|---|---|---|---|
| 020 | _a9780128002254 | ||
| 040 | _cNUST | ||
| 082 | _a658.403 CRO | ||
| 100 |
_aCropley, David H _9104029 |
||
| 245 |
_aCreativity In Engineering: _bNovel Solutions to Complex Problems |
||
| 260 |
_aLondon: _bAcademic Press, _c2015. |
||
| 650 |
_aCreative Thinking.NUSTTB2022 _9104118 |
||
| 942 |
_2ddc _cBK |
||
| 999 |
_c592578 _d592578 |
||